[Event "Cerrado Univ. B"]
[Site "?"]
[Date "2012.02.10"]
[Round "1"]
[White "Sanchez, Ramon"]
[Black "Arias, Ernesto"]
[Result "1-0"]
[WhiteElo "1974"]
[BlackElo "1925"]
[PlyCount "73"]
[EventDate "2012.02.10"]
[EventType "tourn"]
[EventRounds "1"]
[SourceDate "2012.02.10"]

1. e4 e6 2. d4 d5 3. Nd2 c5 4. Ngf3 Nc6 5. Bb5 Qb6 6. Qe2 Nf6 7. exd5 Nxd5 8.
c4 Nf4 9. Qe4 Bd6 10. dxc5 Qxc5 11. Nb3 Qf5 12. Bxc6+ bxc6 13. Qxc6+ Bd7 14.
Qxd6 Nxg2+ 15. Ke2 Qe4+ 16. Be3 Qxc4+ 17. Qd3 Qg4 18. Rac1 a6 19. h3 Qh5 20.
Nbd4 O-O 21. Kf1 e5 22. Kxg2 exd4 23. Nxd4 Rad8 24. b4 Bb5 25. Qe4 f5 26. Qe6+
Kh8 27. Rc5 Bd3 28. Qe5 Rde8 29. Qf4 g5 30. Qd6 Qh4 31. Ne6 Qe4+ 32. Kh2 Qxe6
33. Qxd3 Rd8 34. Qc3+ Kg8 35. Bxg5 Rd6 36. Qc4 Kf7 37. Rxf5+ 1-0

[Event "Cerrado Univ. B"]
[Site "?"]
[Date "2012.02.10"]
[Round "1"]
[White "Arvelo, Gian"]
[Black "Sanchez, Carlos"]
[Result "1/2-1/2"]
[WhiteElo "2055"]
[BlackElo "1908"]
[PlyCount "142"]
[EventDate "2012.02.10"]
[EventType "tourn"]
[EventRounds "1"]
[SourceDate "2012.02.10"]

1. e4 c6 2. d4 d5 3. exd5 cxd5 4. Bd3 Nf6 5. c3 Nbd7 6. Nf3 g6 7. O-O Bg7 8.
Re1 O-O 9. Bf4 Re8 10. Nbd2 Nf8 11. Qb3 a5 12. a4 Nh5 13. Bg5 Ne6 14. Bh4 Nhf4
15. Bf1 Bf6 16. Bg3 Nh5 17. Ne5 Nxg3 18. hxg3 Ng7 19. Ndf3 Nf5 20. Rad1 Nd6 21.
Bd3 Qc7 22. Re2 e6 23. g4 Bd7 24. Nxd7 Qxd7 25. Ne5 Qc7 26. g3 Rec8 27. Kg2
Bxe5 28. Rxe5 Nc4 29. Re2 Ra6 30. Qc2 Rd6 31. Qc1 Nb6 32. Qh6 Nd7 33. Rh1 Nf8
34. f4 f5 35. gxf5 exf5 36. Rhe1 Rd7 37. Qg5 Qd8 38. Qxd8 Rcxd8 39. Re7 Rxe7
40. Rxe7 Rd7 41. Re5 Kf7 42. Bb1 Ne6 43. Ba2 Nc7 44. Kf3 Kf6 45. Ke3 Re7 46.
Kd3 Rxe5 47. dxe5+ Ke6 48. Kd4 b6 49. b4 axb4 50. cxb4 h6 51. Bb1 g5 52. Bd3
gxf4 53. gxf4 h5 54. Be2 h4 55. Bf1 Ke7 56. a5 bxa5 57. bxa5 Kd7 58. Bh3 Ne6+
59. Ke3 Ng7 60. Bf1 Kc6 61. a6 Kb6 62. Kd4 Ne6+ 63. Kxd5 Nxf4+ 64. Kd6 Ka7 65.
Kc6 Ne6 66. Kd5 Nf4+ 67. Kd4 h3 68. Bxh3 Nxh3 69. e6 Ng5 70. e7 Ne6+ 71. Ke5
Ng7 1/2-1/2

[Event "Cerrado Univ. B"]
[Site "?"]
[Date "2012.02.10"]
[Round "1"]
[White "Segura, Ronald"]
[Black "Mendez, Ruddy"]
[Result "0-1"]
[WhiteElo "1858"]
[BlackElo "2089"]
[PlyCount "91"]
[EventDate "2012.02.10"]
[EventType "tourn"]
[EventRounds "1"]
[SourceDate "2012.02.10"]

1. Nf3 Nf6 2. c4 b6 3. d4 Bb7 4. Nc3 e6 5. a3 Be7 6. e3 d5 7. b3 Nbd7 8. Bd3 c5
9. Bb2 O-O 10. O-O cxd4 11. exd4 dxc4 12. bxc4 Rc8 13. Qe2 Bd6 14. Ne5 Bb8 15.
f4 Re8 16. Nb1 Nf8 17. Nd2 Ng6 18. Qf2 Nh5 19. Bxg6 hxg6 20. Rfe1 Nf6 21. g4
Re7 22. Qh4 Nh7 23. Re3 Bxe5 24. fxe5 Rd7 25. Qxd8+ Rdxd8 26. h4 Rd7 27. g5
Rdc7 28. Rc1 Nf8 29. a4 Nd7 30. Ba3 Nb8 31. Bd6 Rd7 32. Nb3 Nc6 33. Kf2 f6 34.
gxf6 gxf6 35. Rg1 Kf7 36. d5 Nd8 37. Nd4 Rxc4 38. dxe6+ Nxe6 39. Nxe6 Rc2+ 40.
Re2 Rxe2+ 41. Kxe2 Kxe6 42. Rxg6 Rf7 43. exf6 Kxd6 44. Ke3 Ke6 45. a5 b5 46.
Kd4 0-1

[Event "Cerrado Univ. B"]
[Site "?"]
[Date "2012.02.11"]
[Round "2"]
[White "Sanchez, Carlos"]
[Black "Segura, Ronald"]
[Result "1-0"]
[WhiteElo "1908"]
[BlackElo "1858"]
[PlyCount "112"]
[EventDate "2012.02.10"]
[EventType "tourn"]
[EventRounds "1"]
[SourceDate "2012.02.10"]

1. d4 Nf6 2. c3 d5 3. g3 c6 4. Nf3 Nbd7 5. Nbd2 Qc7 6. Bg2 e5 7. dxe5 Nxe5 8.
Nxe5 Qxe5 9. Nf3 Qc7 10. O-O Bd6 11. Re1 O-O 12. Qc2 c5 13. Bg5 Ne4 14. Rad1
Be6 15. Bc1 h6 16. Nh4 g5 17. Bxe4 dxe4 18. Qxe4 gxh4 19. Bxh6 hxg3 20. hxg3
Rfe8 21. Rd5 f5 22. Rxf5 Bxf5 23. Qxf5 Qf7 24. Qg5+ Kh7 25. Kg2 Re5 26. Qc1 Rh5
27. Be3 Qf5 28. Rh1 Rh8 29. Rxh5+ Qxh5 30. Bg5 Qxe2 31. Qb1+ Kg7 32. Qf5 Rf8
33. Qd7+ Kg8 34. Be3 Qf3+ 35. Kg1 Qd1+ 36. Kg2 Qd5+ 37. Kg1 Qd1+ 38. Kg2 Qf3+
39. Kg1 Rf6 40. Qd8+ Kg7 41. Qd7+ Kg6 42. Qe8+ Kf5 43. Qc8+ Ke4 44. Qxb7+ Kd3
45. Qa6+ c4 46. Qxa7 Qd1+ 47. Kg2 Ke2 48. Qg7 Qf1+ 49. Kh2 Rf3 50. Qd4 Bxg3+
51. fxg3 Rxe3 52. Qxc4+ Rd3 53. a4 Kd1 54. Qg4+ Kc1 55. Qg5+ Rd2+ 56. Qxd2+
Kxd2 1-0

[Event "Cerrado Univ. B"]
[Site "?"]
[Date "2012.02.11"]
[Round "2"]
[White "Ramirez, Carlos"]
[Black "Arvelo, Gian"]
[Result "1-0"]
[WhiteElo "2065"]
[BlackElo "2055"]
[PlyCount "63"]
[EventDate "2012.02.10"]
[EventType "tourn"]
[EventRounds "1"]
[SourceDate "2012.02.10"]

1. e4 c5 2. Nf3 Nc6 3. Bb5 d6 4. Bxc6+ bxc6 5. O-O g6 6. d3 Bg7 7. c3 Nf6 8.
Qa4 Qc7 9. Be3 O-O 10. Nbd2 Rb8 11. Qc2 e5 12. h3 h6 13. a3 a5 14. Nc4 Be6 15.
b3 Nd7 16. d4 a4 17. Qd3 exd4 18. cxd4 Rxb3 19. Qc2 Bxc4 20. Qxc4 Nb6 21. Qc1
c4 22. Bxh6 d5 23. e5 Kh7 24. Ng5+ Kg8 25. Bxg7 Kxg7 26. f4 Qd7 27. f5 gxf5 28.
Ne4 Rh8 29. Qg5+ Kf8 30. Nf6 Qe6 31. Rf4 Nd7 32. Rh4 1-0

[Event "Cerrado Univ. B"]
[Site "?"]
[Date "2012.02.11"]
[Round "2"]
[White "Arias, Ernesto"]
[Black "Lugo, Richard"]
[Result "1-0"]
[WhiteElo "1925"]
[BlackElo "2015"]
[PlyCount "129"]
[EventDate "2012.02.10"]
[EventType "tourn"]
[EventRounds "1"]
[SourceDate "2012.02.10"]

1. d4 Nf6 2. Nf3 g6 3. c4 Bg7 4. Nc3 O-O 5. e4 d6 6. Be2 c6 7. h3 Qc7 8. Be3
Nbd7 9. Qd2 Re8 10. Rc1 e5 11. d5 Nc5 12. Qc2 a5 13. a3 Nh5 14. b4 axb4 15.
axb4 Na6 16. Rb1 f5 17. O-O Nf6 18. Bd3 Qe7 19. Rfe1 f4 20. Bb6 Nd7 21. Na4 c5
22. bxc5 dxc5 23. Ba5 h5 24. Bf1 g5 25. Nh2 Bf8 26. Nb6 Nxb6 27. Rxb6 Qg7 28.
Reb1 g4 29. Kh1 Be7 30. Bc3 Bd8 31. R6b2 Rf8 32. Qe2 Nc7 33. g3 f3 34. Qe3 gxh3
35. Nxf3 Ra3 36. Rb3 Rxb3 37. Rxb3 h4 38. gxh4 Qg4 39. Bxe5 Ne8 40. Bg3 Ng7 41.
Ne5 Qd1 42. Qd3 Qa1 43. Rb1 Qa6 44. d6 Be6 45. Ng6 Rf6 46. Ne7+ Kf8 47. Be5
Rxf2 48. Bxg7+ Kf7 49. Qg3 Rxf1+ 50. Rxf1+ Ke8 51. Qg6+ Kd7 52. Rf8 Qxd6 53.
Nd5 Kc8 54. Bf6 Qxf8 55. Bxd8 Qf1+ 56. Kh2 Qf2+ 57. Kh1 Qf1+ 58. Qg1 Qxg1+ 59.
Kxg1 Kxd8 60. Kh2 Kd7 61. h5 Kd6 62. h6 Bg8 63. Nf6 b5 64. Nxg8 bxc4 65. h7 1-0

[Event "Cerrado Univ. B"]
[Site "?"]
[Date "2012.02.11"]
[Round "3"]
[White "Sanchez, Ramon"]
[Black "Del Rosario, Carlos"]
[Result "0-1"]
[WhiteElo "1974"]
[BlackElo "2048"]
[PlyCount "98"]
[EventDate "2012.02.10"]
[EventType "tourn"]
[EventRounds "1"]
[SourceDate "2012.02.10"]

1. e4 e6 2. d4 c5 3. Nf3 cxd4 4. Nxd4 a6 5. Nc3 Qc7 6. Be2 Nf6 7. O-O b5 8. Be3
Bb7 9. Bf3 b4 10. e5 bxc3 11. exf6 gxf6 12. bxc3 Nc6 13. Rb1 Be7 14. Re1 Nd8
15. Bxb7 Nxb7 16. Qf3 Rb8 17. Bf4 e5 18. Nf5 Nc5 19. Bh6 Rg8 20. Rbd1 Qb7 21.
Qh3 Ne6 22. Ne3 Rg6 23. Nd5 Bf8 24. Be3 h6 25. Qf5 Be7 26. g3 Qc6 27. Qd3 Rb2
28. Rb1 Rb7 29. a4 Bc5 30. Nb4 Bxb4 31. Rxb4 Rxb4 32. cxb4 Qxa4 33. Rd1 Rg4 34.
c3 h5 35. Rd2 Qc6 36. Ra2 Rc4 37. Ra3 h4 38. Qh7 hxg3 39. hxg3 Rxc3 40. Rxc3
Qxc3 41. Qh8+ Ke7 42. Qb8 Qc6 43. Kh2 f5 {[%csl Gh8][%cal Gb8h8]} 44. Qh8 Qe4
45. Qh7 Qg4 46. Qh6 f4 47. gxf4 exf4 48. Bd2 Ng5 49. Kh1 Qf3+ 0-1

[Event "Cerrado Univ. B"]
[Site "?"]
[Date "2012.02.11"]
[Round "3"]
[White "Arvelo, Gian"]
[Black "Arias, Ernesto"]
[Result "1-0"]
[WhiteElo "2055"]
[BlackElo "1925"]
[PlyCount "55"]
[EventDate "2012.02.10"]
[EventType "tourn"]
[EventRounds "1"]
[SourceDate "2012.02.10"]

1. e4 c5 2. Nf3 e6 3. d4 cxd4 4. Nxd4 a6 5. Bd3 g6 6. O-O Bg7 7. Ne2 Nc6 8.
Nbc3 Nge7 9. Kh1 d6 10. Bg5 Qc7 11. f4 f5 12. exf5 Nxf5 13. Bxf5 gxf5 14. Ng3
O-O 15. Nh5 h6 16. Bh4 Rf7 17. Rf3 Kh7 18. Rg3 b6 19. Rxg7+ Rxg7 20. Nf6+ Kh8
21. Qh5 Qf7 22. Qxh6+ Rh7 23. Nxh7 Qxh7 24. Qf8+ Qg8 25. Qxd6 Qg7 26. Bf6 Qxf6
27. Qxc6 Rb8 28. Qc7 1-0

[Event "Cerrado Univ. B"]
[Site "?"]
[Date "2012.02.11"]
[Round "3"]
[White "Segura, Ronald"]
[Black "Ramirez, Carlos"]
[Result "1/2-1/2"]
[WhiteElo "1858"]
[BlackElo "2065"]
[PlyCount "58"]
[EventDate "2012.02.10"]
[EventType "tourn"]
[EventRounds "1"]
[SourceDate "2012.02.10"]

1. d4 d5 2. c4 dxc4 3. Nf3 c5 4. e3 Nf6 5. Bxc4 e6 6. O-O Be7 7. Nc3 O-O 8. Qe2
Nc6 9. Rd1 Qc7 10. d5 exd5 11. Nxd5 Nxd5 12. Bxd5 Bg4 13. h3 Bh5 14. g4 Bg6 15.
Bd2 Nb4 16. Bxb4 cxb4 17. Qb5 Rfd8 18. Rac1 Qb6 19. Qxb6 axb6 20. Bb3 Bd6 21.
Rd2 Kf8 22. Rcd1 Ke7 23. Nd4 Bc5 24. Nb5 Rxd2 25. Rxd2 Rd8 26. Rxd8 Kxd8 27.
Bd5 Bd3 28. Nd4 Ke7 29. f4 b5 1/2-1/2

[Event "Cerrado Univ. B"]
[Site "?"]
[Date "2012.02.11"]
[Round "3"]
[White "De Jesus, Michel"]
[Black "Sanchez, Carlos"]
[Result "1/2-1/2"]
[WhiteElo "1956"]
[BlackElo "1908"]
[PlyCount "50"]
[EventDate "2012.02.10"]
[EventType "tourn"]
[EventRounds "1"]
[SourceDate "2012.02.10"]

1. c4 c6 2. Nc3 d5 3. cxd5 cxd5 4. Nf3 Nf6 5. g3 g6 6. Bg2 Bg7 7. O-O O-O 8. d3
Nc6 9. Bd2 d4 10. Nb5 a6 11. Na3 Re8 12. Qb3 h6 13. Nc4 b5 14. Nce5 Nxe5 15.
Nxe5 Be6 16. Qa3 Bd5 17. Rfc1 Bxg2 18. Kxg2 Qd5+ 19. Nf3 e6 20. Rc7 a5 21. Qc5
Qxc5 22. Rxc5 b4 23. Rac1 Nd5 24. R1c4 Nb6 25. Rc2 Rec8 1/2-1/2

[Event "Cerrado Univ. B"]
[Site "?"]
[Date "2012.02.11"]
[Round "3"]
[White "Castillo, Adgart"]
[Black "Mendez, Ruddy"]
[Result "1/2-1/2"]
[WhiteElo "1907"]
[BlackElo "2089"]
[PlyCount "69"]
[EventDate "2012.02.10"]
[EventType "tourn"]
[EventRounds "1"]
[SourceDate "2012.02.10"]

1. Nf3 Nf6 2. d4 b6 3. c4 e6 4. Nc3 Bb7 5. Bg5 Be7 6. e3 Ne4 7. Bxe7 Qxe7 8.
Bd3 f5 9. Bxe4 fxe4 10. Nd2 Qg5 11. O-O d5 12. Qb3 c6 13. Rac1 Nd7 14. Qa3 Kf7
15. Ndxe4 dxe4 16. Nxe4 Qe7 17. Nd6+ Kf8 18. Nxb7 Qxa3 19. bxa3 Ke7 20. c5 Rhb8
21. Nd6 bxc5 22. dxc5 Rb2 23. Ne4 Rxa2 24. Rc3 Rb8 25. h3 Rbb2 26. g4 Nf6 27.
Ng3 Nd5 28. Rd3 Rc2 29. Rb3 Rcb2 30. Rd3 g6 31. g5 a5 32. Ne4 a4 33. Rfd1 Rb3
34. Nd6 Raxa3 35. Rd4 1/2-1/2

[Event "Cerrado Univ. B"]
[Site "?"]
[Date "2012.02.12"]
[Round "4"]
[White "Del Rosario, Carlos"]
[Black "Mendez, Ruddy"]
[Result "0-1"]
[WhiteElo "2048"]
[BlackElo "2089"]
[PlyCount "78"]
[EventDate "2012.02.10"]
[EventType "tourn"]
[EventRounds "1"]
[SourceDate "2012.02.10"]

1. d4 Nf6 2. c4 e6 3. Nc3 Bb4 4. Qc2 b6 5. e4 Bxc3+ 6. bxc3 Bb7 7. Bd3 d6 8.
Ne2 e5 9. O-O Nc6 10. Ng3 Qd7 11. d5 Na5 12. Bg5 h6 13. Bxf6 gxf6 14. Nh5 O-O-O
15. f4 Ba6 16. Nxf6 Qe7 17. fxe5 dxe5 18. c5 Qxc5+ 19. Kh1 Bb7 20. Rf5 Kb8 21.
Rxe5 c6 22. Rf5 cxd5 23. exd5 Bxd5 24. Rb1 Nc4 25. Nxd5 Rxd5 26. Rxd5 Qxd5 27.
Be4 Qc5 28. Bf3 f5 29. Qe2 Rd8 30. Re1 Kc7 31. h3 b5 32. Qe6 Nd6 33. Qxh6 Rd7
34. Qf4 Qf2 35. Rd1 Qxa2 36. Qd4 Qa5 37. c4 Qb4 38. Qxa7+ Kd8 39. c5 Rxa7 0-1

[Event "Cerrado Univ. B"]
[Site "?"]
[Date "2012.02.12"]
[Round "4"]
[White "Ramirez, Carlos"]
[Black "De Jesus, Michel"]
[Result "1-0"]
[WhiteElo "2065"]
[BlackElo "1956"]
[PlyCount "70"]
[EventDate "2012.02.10"]
[EventType "tourn"]
[EventRounds "1"]
[SourceDate "2012.02.10"]

1. e4 e5 2. Nf3 Nc6 3. d4 exd4 4. Nxd4 Bc5 5. Be3 Qf6 6. c3 Nge7 7. Be2 a6 8.
O-O O-O 9. b4 Bxd4 10. cxd4 Nxb4 11. a3 Nbc6 12. Nc3 d6 13. Rb1 b6 14. Qd2 Qg6
15. f4 f5 16. d5 Na5 17. e5 Nb7 18. Rf3 h6 19. Rg3 Qh7 20. e6 Nc5 21. Bd4 g6
22. h4 Nxe6 23. dxe6 Bxe6 24. h5 Kf7 25. hxg6+ Nxg6 26. Bf3 Rae8 27. Nd5 Bxd5
28. Bxd5+ Ke7 29. Qe2+ Kd7 30. Qxa6 Ne7 31. Qa4+ Kd8 32. Be6 Ng6 33. Rxg6 Rxe6
34. Rg7 Qxg7 35. Bxg7 Rg8 1-0

[Event "Cerrado Univ. B"]
[Site "?"]
[Date "2012.02.12"]
[Round "4"]
[White "Arias, Ernesto"]
[Black "Segura, Ronald"]
[Result "0-1"]
[WhiteElo "1925"]
[BlackElo "1858"]
[PlyCount "82"]
[EventDate "2012.02.10"]
[EventType "tourn"]
[EventRounds "1"]
[SourceDate "2012.02.10"]

1. d4 Nf6 2. Nf3 g6 3. c4 Bg7 4. Nc3 d5 5. cxd5 Nxd5 6. e4 Nxc3 7. bxc3 c5 8.
Bc4 Nc6 9. Be3 O-O 10. h3 Qa5 11. Bd2 Qc7 12. Rc1 Rd8 13. d5 Ne5 14. Be2 c4 15.
Nd4 Nd3+ 16. Bxd3 cxd3 17. Be3 e5 18. Nb5 Qc4 19. Qb3 Qxe4 20. Nc7 Bh6 21. O-O
Bxe3 22. fxe3 Qxe3+ 23. Kh2 Rb8 24. d6 Rf8 25. Qd5 d2 26. Rcd1 Bd7 27. Qxd2
Qxd2 28. Rxd2 f5 29. Rd5 e4 30. Re5 Rf7 31. c4 Bc6 32. g4 Rd8 33. gxf5 Rxd6 34.
Nd5 Bxd5 35. cxd5 Rxf5 36. Rfxf5 gxf5 37. Rxf5 Kg7 38. Kg3 e3 39. Kf3 Rf6 40.
Ke4 Rxf5 41. Kxf5 Kf7 0-1

[Event "Cerrado Univ. B"]
[Site "?"]
[Date "2012.02.12"]
[Round "4"]
[White "Pena, Ambiorix"]
[Black "Arvelo, Gian"]
[Result "1/2-1/2"]
[WhiteElo "2054"]
[BlackElo "2055"]
[PlyCount "115"]
[EventDate "2012.02.10"]
[EventType "tourn"]
[EventRounds "1"]
[SourceDate "2012.02.10"]

1. d4 Nf6 2. c4 g6 3. Nc3 Bg7 4. e4 d6 5. f3 O-O 6. Be3 c5 7. d5 e6 8. dxe6
Bxe6 9. Qd2 Nc6 10. O-O-O Qa5 11. Kb1 Nd7 12. Nd5 Qxd2 13. Rxd2 Rfc8 14. Ne2 a6
15. Nef4 Kf8 16. Nxe6+ fxe6 17. Nf4 Ke7 18. g3 Nce5 19. Be2 Nc6 20. Ng2 Rcb8
21. f4 Bd4 22. h4 Nf6 23. Bf3 Bxe3 24. Nxe3 Nd4 25. Bg2 Nh5 26. Rh3 Rf8 27. Ng4
Nf6 28. Ne3 Nh5 29. Rf2 Rab8 30. Nc2 Nc6 31. Bf3 Rf7 32. Rd2 Na5 33. Ne3 Nc6
34. Bxh5 gxh5 35. f5 Nd4 36. Rh1 Rg8 37. Rg2 Rfg7 38. fxe6 Kxe6 39. Rhg1 Ke5
40. Nf5 Nxf5 41. exf5 Kxf5 42. Rd1 Rxg3 43. Rgd2 Rg1 44. Rxd6 Rxd1+ 45. Rxd1
Rg7 46. Kc2 Re7 47. Rg1 Kf4 48. Rg5 Re5 49. Rg7 b5 50. Kc3 Re3+ 51. Kd2 Re5 52.
Kc3 Re3+ 53. Kd2 Re4 54. cxb5 axb5 55. Rg5 Re5 56. Rg7 h6 57. b3 b4 58. Kd3
1/2-1/2

[Event "Cerrado Univ. B"]
[Site "?"]
[Date "2012.02.19"]
[Round "8"]
[White "Pena, Ambiorix"]
[Black "Mendez, Ruddy"]
[Result "0-1"]
[WhiteElo "2054"]
[BlackElo "2089"]
[PlyCount "76"]
[EventDate "2012.02.10"]
[EventType "tourn"]
[EventRounds "1"]
[SourceDate "2012.02.10"]

1. d4 Nf6 2. c4 e6 3. Nc3 b6 4. Nf3 Ba6 5. e4 Bb4 6. Bd3 Bxc3+ 7. bxc3 d6 8.
O-O Bb7 9. Re1 h6 10. e5 dxe5 11. Nxe5 Nbd7 12. Ba3 Nxe5 13. Rxe5 Qd7 14. Qe2
O-O-O 15. Rb1 Kb8 16. Reb5 Rhe8 17. c5 Nd5 18. cxb6 axb6 19. Qb2 Qc6 20. Bf1
Nf4 21. f3 Rd5 22. Qd2 g5 23. g3 Rxb5 24. Rxb5 Nh3+ 25. Bxh3 Qxb5 26. Bg2 e5
27. h3 Qd5 28. Bb4 exd4 29. cxd4 f5 30. a3 Rd8 31. Bc3 c5 32. Qb2 cxd4 33. Bd2
b5 34. h4 gxh4 35. Bf4+ Kc8 36. Qc2+ Bc6 37. Qd3 hxg3 38. Bh3 Kb7 0-1

[Event "Cerrado Univ. B"]
[Site "?"]
[Date "2012.02.19"]
[Round "8"]
[White "Sanchez, Ramon"]
[Black "Castillo, Adgart"]
[Result "0-1"]
[WhiteElo "1974"]
[BlackElo "1907"]
[PlyCount "84"]
[EventDate "2012.02.10"]
[EventType "tourn"]
[EventRounds "1"]
[SourceDate "2012.02.10"]

1. e4 e6 2. d4 d5 3. Nd2 Nf6 4. e5 Nfd7 5. Bd3 c5 6. c3 Nc6 7. Ne2 Qb6 8. Nf3
Be7 9. a3 O-O 10. O-O f6 11. Nf4 fxe5 12. Nxe5 Ndxe5 13. dxe5 Nxe5 14. Bxh7+
Kxh7 15. Qh5+ Kg8 16. Qxe5 Qd6 17. Qh5 Rxf4 18. Bxf4 Qxf4 19. Rad1 Qf7 20. Qe2
Bd7 21. Rfe1 Rf8 22. f3 Bf6 23. f4 d4 24. Qd3 b5 25. c4 a6 26. b3 Qh5 27. Qe4
Qf5 28. Qb7 Bc8 29. Qc6 bxc4 30. bxc4 Qxf4 31. Rf1 Qe3+ 32. Kh1 Qxa3 33. Rf3
Qb4 34. Rh3 Qxc4 35. Qe4 Qd5 36. Qh7+ Kf7 37. Rf1 Qg5 38. Rg3 Qh6 39. Qe4 Ke7
40. Qc6 Qh5 41. Qc7+ Bd7 42. h3 Qe5 0-1